000 00700nam a2200193 a 4500
001 000042427
005 20201002040140.0
008 131129s1969 mx 000 0 spa d
040 _aDO-SdBNP
_bspa
_cBNPHU
082 _axxx
_bxxx
100 1 _aLewis, Oscar
_961089
240 1 0 _aFive Families (Mexican case studies in the culture of poverty)
245 1 0 _aAntropología de la Pobreza :
_bcinco familias /
_cOscar Lewis; prólogo, Oliver La Farge; traducción, Emma Sánchez Ramírez.
250 _a6a. ed.
260 _aMéxico, :
_bFondo de Cultura Económica,
_c1969.
300 _a302 p. ;
_c21 cm.
700 1 _aSánchez Ramírez, Emma
_etrad.
_969559
700 1 _aLa Farge, Oliver
_eprol.
_969560
999 _c41916
_d41916